Transition the first ten years: analysis and lessons for Eastern Europe and the former Soviet Union (Record no. 288342)

000 -LEADER
fixed length control field 00406cam a22001217a 4500
008 - FIXED-LENGTH DATA ELEMENTS--GENERAL INFORMATION
fixed length control field 180718b2002 xxu||||| |||| 00| 0 eng d
020 ## - INTERNATIONAL STANDARD BOOK NUMBER
International Standard Book Number 0821350382
082 ## - DEWEY DECIMAL CLASSIFICATION NUMBER
Classification number T19x47 In8
245 ## - TITLE STATEMENT
Title Transition the first ten years: analysis and lessons for Eastern Europe and the former Soviet Union
260 ## - PUBLICATION, DISTRIBUTION, ETC.
Place of publication, distribution, etc. Washington, D.C.
Name of publisher, distributor, etc. World Bank
Date of publication, distribution, etc. 2002
300 ## - PHYSICAL DESCRIPTION
Extent 128p.
650 ## - SUBJECT ADDED ENTRY--TOPICAL TERM
Topical term or geographic name entry element Economic development - Eastern Europe
Holdings
Withdrawn status Lost status Damaged status Not for loan Permanent Location Current Location Date acquired Full call number Barcode Date last seen Price effective from Koha item type
        Indian Institute of Public Administration Indian Institute of Public Administration 2002-10-29 T19x47 In8 WB9383 2018-07-20 2018-07-20 WB

Powered by Koha